Badly Described Stranger Things Characters - Statistics

General Stats
  • This quiz has been taken 7,268 times
    7,044 since last reset
  • The average score is 13 of 18
Answer Stats
Hint Character % Correct
Loves Eggo waffles Eleven
99%
Teeth took a little while to grow Dustin Henderson
93%
Zombie boy Will Byers
93%
Has cool hair, I guess Steve Harrington
87%
Foolish cop who simps over a single mom Jim Hopper
85%
Sister of the above who flip-flops between two boys Nancy Wheeler
85%
Boring plank with hollow cheekbones Mike Wheeler
80%
Fourth Ghostbuster Lucas Sinclair
79%
Rude tomboy with ginger hair Max Mayfield
76%
Lesbian scatterbrain Robin Buckley
76%
Woman known for saying "My boy!" Joyce Byers
74%
Long-haired Metallica lover Eddie Munson
70%
Racist step-sibling of the above Billy Hargrove
68%
Slenderman and Freddy Krueger hybrid Vecna
67%
Conspiracy theorist, and Jewish Murray Bauman
48%
Creepy Kurt Cobain wannabe Jonathan Byers
45%
Can you please stop calling him Papa? Martin Brenner
39%
Target of the Russian Terminator Alexei
28%
No matching quizzes found
Score Distribution
Percent of People with Each Score
Percentile by Number Answered
Your Score History
You have not taken this quiz since the last reset